Рассказы о Ленине (Запись № 6753388)
[ простой вид ]
| 000 -МАРКЕР | |
|---|---|
| контрольное поле | 03039nam0a22003731 4500 |
| 001 - ИДЕНТИФИКАТОР ЗАПИСИ | |
| контрольное поле | rc\902204 |
| 005 - ИДЕНТИФИКАТОР ВЕРСИИ | |
| контрольное поле | 20240503174519.0 |
| 035 ## - ДРУГИЕ СИСТЕМНЫЕ НОМЕРА | |
| Идентификатор записи | (NLR Aleph) 006251170 |
| 100 ## - ДАННЫЕ ОБЩЕЙ ОБРАБОТКИ | |
| Данные общей обработки | 20041129d1983 u y0rusy50 ca |
| 101 0# - ЯЗЫК РЕСУРСА | |
| Язык текста, звукозаписи и т.д. | русский |
| 102 ## - СТРАНА ПУБЛИКАЦИИ ИЛИ ПРОИЗВОДСТВА | |
| Страна публикации | Российская Федерация |
| 105 ## - ПОЛЕ КОДИРОВАННЫХ ДАННЫХ: ТЕКСТОВЫЕ МАТЕРИАЛЫ, МОНОГРАФИЧЕСКИЕ | |
| Кодированные данные о монографическом текстовом документе | a ||||||||| |
| 200 1# - ЗАГЛАВИЕ И СВЕДЕНИЯ ОБ ОТВЕТСТВЕННОСТИ | |
| Основное заглавие | Рассказы о Ленине |
| Сведения, относящиеся к заглавию | Сборник |
| -- | Для сред. шк. возраста |
| Первые сведения об ответственности | Составитель В. Путилина |
| Последующие сведения об ответственности | [Предисл. В. Канивца] |
| 205 ## - СВЕДЕНИЯ ОБ ИЗДАНИИ | |
| Сведения об издании | 2-е изд. |
| 210 ## - ПУБЛИКАЦИЯ, РАСПРОСТРАНЕНИЕ И ДР. | |
| Место издания, распространения и т.д. | Киев |
| Имя издателя, распространителя и т. д. | Веселка |
| Дата издания, распространения и т.д. | 1983 |
| 215 ## - ФИЗИЧЕСКАЯ ХАРАКТЕРИСТИКА | |
| Специфическое обозначение материала и объем | 248 с. |
| Другие сведения о физической характеристике | ил. |
| Размеры | 21 |
| 327 1# - ПРИМЕЧАНИЯ О СОДЕРЖАНИИ | |
| Текст примечания | Содерж.: В.И. Ленин: Из. кн. "В.И. Ленин" / М. Горький. Наш самый лучший друг: Из воспоминаний / Н.К. Крупская. На Старом Венце: Из кн. "Сердце матери" / З. Воскресенская. В гимназии: Из кн. "Детские и школьные годы Ильича" / А.И. Ульянова. Владимира Ильича / В. Бонч-Бруевич. Шахматы / Д.И. Ульянов. Страшное письмо / Л. Кон. Билет по истории / М. Шагинян. Первая бастилия: Из кн. / Ю. Яковлев. В зимний день / М. Прилежаева, и рассказы др. авт. |
| 464 #0 - АНАЛИТИЧЕСКИЙ УРОВЕНЬ | |
| Встроенное поле | 2001#$aВ.И. Ленин |
| -- | 700#1$aГорький$bМ.$f1868-1936$gМаксим$3RU\NLR\auth\77104 |
| Заглавие | В.И. Ленин |
| Автор | Горький, Максим (1868-1936) |
| 464 #0 - АНАЛИТИЧЕСКИЙ УРОВЕНЬ | |
| Встроенное поле | 2001#$aНаш самый лучший друг |
| -- | 700#1$aКрупская$bН.К. |
| Заглавие | Наш самый лучший друг |
| Автор | Крупская, Н.К. |
| 464 #0 - АНАЛИТИЧЕСКИЙ УРОВЕНЬ | |
| Встроенное поле | 2001#$aНа Старом Венце |
| -- | 700#1$aВоскресенская$bЗ. |
| Заглавие | На Старом Венце |
| Автор | Воскресенская, З. |
| 464 #0 - АНАЛИТИЧЕСКИЙ УРОВЕНЬ | |
| Встроенное поле | 2001#$aВ гимназии |
| -- | 700#1$aУльянова$bА.И. |
| Заглавие | В гимназии |
| Автор | Ульянова, А.И. |
| 464 #0 - АНАЛИТИЧЕСКИЙ УРОВЕНЬ | |
| Встроенное поле | 2001#$aДень Владимира Ильича |
| -- | 700#1$aБонч-Бруевич$bВ. |
| Заглавие | День Владимира Ильича |
| Автор | Бонч-Бруевич, В. |
| 464 #0 - АНАЛИТИЧЕСКИЙ УРОВЕНЬ | |
| Встроенное поле | 2001#$aШахматы |
| -- | 700#1$aУльянов$bД.И. |
| Заглавие | Шахматы |
| Автор | Ульянов, Д.И. |
| 464 #0 - АНАЛИТИЧЕСКИЙ УРОВЕНЬ | |
| Встроенное поле | 2001#$aСтрашное письмо |
| -- | 700#1$aКон$bЛ. |
| Заглавие | Страшное письмо |
| Автор | Кон, Л. |
| 464 #0 - АНАЛИТИЧЕСКИЙ УРОВЕНЬ | |
| Встроенное поле | 2001#$aБилет по истории |
| -- | 700#1$3RU\NLR\AUTH\7727470$aШагинян$bМ. С.$f1888-1982$gМариэтта Сергеевна |
| Заглавие | Билет по истории |
| Автор | Шагинян, Мариэтта Сергеевна (1888-1982) |
| 464 #0 - АНАЛИТИЧЕСКИЙ УРОВЕНЬ | |
| Встроенное поле | 2001#$aПервая бастилия |
| -- | 700#1$aЯковлев$bЮ. |
| Заглавие | Первая бастилия |
| Автор | Яковлев, Ю. |
| 464 #0 - АНАЛИТИЧЕСКИЙ УРОВЕНЬ | |
| Встроенное поле | 2001#$aВ зимний день |
| -- | 700#1$aПрилежаева$bМ. |
| Заглавие | В зимний день |
| Автор | Прилежаева, М. |
| 801 #0 - ИСТОЧНИК ЗАПИСИ | |
| Страна | Российская Федерация |
| Организация | NLR |
| Правила каталогизации | psbo |
| 801 #1 - ИСТОЧНИК ЗАПИСИ | |
| Страна | Российская Федерация |
| Организация | ELAR |
| Источник данных | rusmarc |
| 852 ## - МЕСТОНАХОЖДЕНИЕ И ШИФР ХРАНЕНИЯ | |
| Идентификатор организации | NLR |
| Шифр хранения (Call Number) | 84-3/2009 |
| 942 ## - ДОПОЛНИТЕЛЬНЫЕ ЭЛЕМЕНТЫ ЗАПИСИ (АБИС) | |
| Тип экземпляра АБИС | Книга |
| 980 ## - КОЛЛЕКЦИЯ | |
| Название коллекции | Национальная библиография |
| Тип экземпляра | Дата поступления | Библиотека постоянного хранения | Библиотека текущего хранения | Место хранения | Шифр хранения | Штрих-код | Статус экземпляра |
|---|---|---|---|---|---|---|---|
| Книга | 26.10.2013 | РНБ (Московский) | РНБ (Московский) | Русский книжный фонд: издания с 1957 года | 84-3/2009 | 6251170-10 |